| 000 | 00630nam a2200217 4500 | ||
|---|---|---|---|
| 001 | 00028479 | ||
| 005 | 20260306085400.0 | ||
| 008 | 260306b ag ||||| |||| 00| 0 spa d | ||
| 020 | _a9789870008828 | ||
| 040 |
_aAR-CcCEOS _bspa _cAR-CcCEOS |
||
| 041 | _aspa | ||
| 080 | _a001.92 | ||
| 090 | _bASU | ||
| 100 | 1 |
_aAsúa, Miguel de _9792 |
|
| 245 |
_aDe cara a Darwin : _bla teoria de la evolucion y el cristianismo / _cMiguel de Asua |
||
| 250 | _a1a ed. | ||
| 260 |
_aBuenos Aires : _bLumen, _c2009. |
||
| 300 |
_a352 p. ; _c26x18 cm. |
||
| 655 | 0 |
_aciencia _vreligion _xteoria de la evolución _9793 |
|
| 942 |
_2udc _n0 _cBK |
||
| 999 |
_c28507 _d28507 |
||